000 00417nam a2200145 a 4500
001 000047676
005 20201002060654.0
008 180717s2006 dr a 000 spa d
040 _aDO-SdBNP
_bspa
_cBNPHU
082 _axxx
_b943
245 0 _aGuía :
_bislas, cayos e islotes República Dominicana.
260 _aSanto Domingo :
_bTele-3,
_c2006.
300 _a57 p. :
_bil. ;
_c21 cm.
590 _aInventariado, 2018/DG
999 _c47164
_d47164